000 00792nam a22002297a 4500
005 20131118165130.0
010 _aENG-94055
020 _c180.00
_a9788188222681
020 _c180.00
_a8188222682
035 _aEN-77588
035 _aB-364252-287
037 _bDBAD / VEN
082 _a620.0076
245 _aJamia Millia Islamia engineering entrance exam
260 _aMeerut
_bArihant Publications
_c2008
270 _aKalindi, TP Nagar,
_bMeerut
300 _aVarious pagings
_c25cm(pbk)
490 _a2 edge series
500 _aPrevious years' solved papers(2004-2008) & 6 practice sets
942 _2ddc
_cEN
_mJAM
_h620.0076
999 _c27553
_d27553